Centrum chorvátskej kultúry, Jarovce

Enregistré dans:
Détails bibliographiques
Auteur principal: Bertová, Veronika Mária (Auteur)
Autres auteurs: Šíp, Lukáš (Directeur de thèse)
Format: Manuscrit Livre
Langue:slovaque
Publié: 2025
Sujets:
Accès en ligne:http://is.stuba.sk/zp/portal_zp.pl?podrobnosti=168195
Tags: Ajouter un tag
Pas de tags, Soyez le premier à ajouter un tag!

MARC

LEADER 00000ntm a22000003a 4500
001 stuzp105206
003 SK-STU
005 20250614213711.2
007 ta
008 150427s2015----xo-----f-mn---000-0-slo-d
040 |a STU  |b slo 
041 0 |a slo 
100 1 |a Bertová, Veronika Mária  |u 052120  |4 aut  |U FAD Fakulta architektúry a dizajnu  |T FAD Ústav ekologickej a experimentálnej architektúry  |X 115530  |U A2120  |Y 393  |7 115530 
242 0 1 |a Croatian Cultural Center, Jarovce  |y eng 
245 1 0 |a Centrum chorvátskej kultúry, Jarovce 
260 |c 2025 
650 4 |a culture  |2 eng 
650 4 |a community life  |2 eng 
650 4 |a sensory perception  |2 eng 
650 4 |a identity  |2 eng 
650 4 |a komunitný život  |2 slo 
650 4 |a identita  |2 slo 
650 4 |a haptický  |2 slo 
650 4 |a kultúrne centrum  |2 slo 
650 4 |a zmyslové vnímanie  |2 slo 
700 1 |a Šíp, Lukáš  |u 052120  |k Z1  |4 ths  |U FAD Fakulta architektúry a dizajnu  |T FAD Ústav ekologickej a experimentálnej architektúry  |X 29145  |U A2120  |Y 393  |7 A000029145 
856 4 |u http://is.stuba.sk/zp/portal_zp.pl?podrobnosti=168195